000 00697nam a2200241Ia 4500
003 OSt
005 20220925212917.0
006 a|||||r|||| 00| 0
007 ta
008 220923b |||||||| |||| 00| 0 eng d
037 _cGeneral Book
040 _aRTL
_cRTL
_beng
041 _2eng
_aeng
082 _aSM95, M7\TD
100 _aDeleuze G.
_9277606
245 0 _aThousand Plateus
_b capitalism and schizophrenia
260 _aLondon
_bAthlone Press
_c1988
490 _aOxford India Perennials
500 _aBibliography: Chapterwise
700 _a Guattari F
_9277607
942 _hSM95, M7\TD
_cGB
_2CC
999 _c561551
_d561551